Numbers 1-200 - Statistics

General Stats
  • This quiz has been taken 21 times
  • The average score is 125 of 200
Answer Stats
Number % Correct
1
100%
10
100%
11
100%
2
100%
3
100%
4
100%
5
100%
6
100%
7
100%
8
100%
9
100%
12
94%
13
94%
14
94%
15
94%
16
94%
17
94%
18
94%
19
94%
20
94%
21
94%
22
94%
23
94%
24
94%
25
94%
26
94%
27
94%
28
94%
29
94%
30
94%
31
94%
32
94%
33
94%
34
94%
35
94%
36
94%
37
94%
38
94%
39
94%
40
94%
41
94%
42
94%
43
94%
44
94%
45
94%
46
94%
47
94%
48
94%
49
94%
50
94%
51
94%
52
94%
53
94%
54
94%
55
94%
56
89%
57
89%
58
89%
59
89%
60
83%
61
83%
62
83%
63
83%
64
83%
65
83%
66
83%
67
83%
68
83%
69
83%
70
83%
71
83%
72
83%
73
83%
74
83%
75
83%
76
83%
77
83%
78
83%
79
83%
80
83%
81
83%
82
83%
83
83%
84
83%
85
83%
86
83%
87
83%
88
83%
89
83%
90
83%
91
83%
100
78%
101
78%
102
78%
103
78%
104
78%
105
78%
106
78%
107
78%
92
78%
93
78%
94
78%
95
78%
96
78%
97
78%
98
78%
99
78%
108
72%
109
72%
110
72%
111
72%
112
67%
113
61%
114
56%
115
50%
116
50%
117
50%
118
44%
119
44%
120
44%
121
44%
122
44%
123
44%
124
44%
125
44%
126
44%
127
44%
128
44%
129
44%
130
44%
131
44%
132
44%
133
44%
134
44%
135
44%
136
44%
137
44%
138
44%
139
44%
140
44%
141
44%
142
39%
143
39%
144
39%
145
39%
146
39%
147
33%
148
33%
149
33%
150
33%
151
28%
152
28%
153
28%
154
28%
155
28%
156
28%
157
28%
158
28%
159
28%
160
28%
161
28%
162
28%
163
28%
164
28%
165
28%
166
28%
167
28%
168
28%
169
28%
170
28%
171
28%
172
28%
173
28%
174
28%
175
28%
176
28%
177
28%
178
28%
179
28%
180
28%
181
28%
182
28%
183
28%
184
22%
185
11%
186
6%
187
6%
188
6%
189
6%
190
6%
191
0%
192
0%
193
0%
194
0%
195
0%
196
0%
197
0%
198
0%
199
0%
200
0%
No matching quizzes found
Score Distribution
Percent of People with Each Score
Percentile by Number Answered
Your Score History
You have not taken this quiz